| 000 | 01132nam a2200253 a 4500 | ||
|---|---|---|---|
| 001 | 000016728 | ||
| 003 | OSt | ||
| 005 | 20230720143449.0 | ||
| 008 | 100310s1949 dr 000 0 spa d | ||
| 040 |
_aDO-SdBNP _bspa _cBNPHU |
||
| 082 |
_a368.7097293 _bP645s, 1949 |
||
| 100 | 1 |
_aPina, Tulio H. _937097 |
|
| 245 | 1 | 0 |
_aSeguros sobre accidentes de trabajo : _baccidentes del trabajo / _cTulio H. Pina. |
| 246 | 3 | 4 | _aSeguros en la República Dominicana: accidentes del trabajo |
| 250 | _a2a. ed. | ||
| 260 |
_aCiudad Trujillo, República Dominicana : _bArte y Cine ; _bCaja Dominicana de Seguro Social, _c1949. |
||
| 300 |
_a269 p. ; _c24 cm. |
||
| 500 | _aEstudio metodológico - comentarios críticos - Breve estudio comparativo de las legislaciones de la República de Cuba, Puerto Rico y República Dominicana. Tarifa de primas, salario mínimo, jornada comercial, catálogo de mecanismos, Jurisprudencia. | ||
| 590 | _aInventariado, 2019/VM | ||
| 650 | 4 |
_aSeguros contra accidentes de trabajo _937098 |
|
| 710 | 2 |
_aCaja Dominicana de Seguro Social _937099 |
|
| 910 | _aValidado. Control de calidad MFF | ||
| 942 |
_2ddc _cLF1 |
||
| 999 |
_c16260 _d16260 |
||